Levaduras (Registro nro. 536)
[ vista simple ]
| 000 -CABECERA | |
|---|---|
| fixed length control field | 00362nam a2200145Ia 4500 |
| 008 - ELEMENTOS DE LONGITUD FIJA-INFORMACION GENERAL | |
| fixed length control field | 221202s9999 xx 000 0 und d |
| 020 ## - NUMERO INTERNACIONAL NORMALIZADO PARA LIBROS | |
| Número Internacional Normalizado del libro | 9789875581592 |
| 040 ## - FUENTE DE CATALOGACION | |
| Agencia de catalogación original | AR-BeUNQ |
| Idioma de catalogación | ESPAÑOL |
| Convenciones de la descripción | aacr |
| 245 #0 - MENCION DE TITULO | |
| Título | Levaduras |
| 250 ## - MENCION DE EDICION | |
| Mención de edición | 1a ed. |
| 260 ## - PUBLICACION, DISTRIBUCION, ETC. | |
| Lugar de publicación, distribución, etc. | Bernal |
| Nombre del editor, distribuidor, etc. | UNQ |
| Fecha de publicación, distribución, etc | 2008 |
| 490 ## - MENCION DE SERIE | |
| Mención de serie | Nuevos enfoques en Ciencia y Tecnologia |
| 700 ## - ASIENTO SECUNDARIO - NOMBRE DE PERSONA | |
| Personal name | Wagner Jorge |
| 942 ## - ELEMENTOS DE PUNTO DE ACCESO ADICIONAL (KOHA) | |
| Tipo de ítem Koha | Libros |
| Suppress in OPAC | 0 |
No hay ítems disponibles.